000 00603nas a2200205 c 4500
003 OSt
005 20231004090748.0
007 ta
008 231004d1995 mx br|pe |||| 00| 0 spa d
040 _aCHAP
090 _aRevista
110 0 _925821
_aComisión Nacional para el Conocimiento y Uso de la Biodiversidad
245 _aBiodiversitas
_c/ Comisión Nacional para el Conocimiento y Uso de la Biodiversidad
260 _aMéxico:
_bCONABIO,
_c1995-
300 _av.
310 _aBimestral
650 2 _9130980
_aBiodiversidad
_zMéxico
650 2 _9135237
_aEcosistemas
_zMéxico
942 _2ddc
999 _c219205
_d219205